| 000 | 00529nam a22001695i 4500 | ||
|---|---|---|---|
| 001 | 171497 | ||
| 003 | ES-MaACL | ||
| 005 | 20250930063149.0 | ||
| 008 | 090519s1951 sp |||| | spa d | ||
| 080 | _a321.211(46) | ||
| 100 | 1 |
_aSolana, Marcial, _d1880-1958 _9107070 |
|
| 245 | 1 | 3 |
_aEl tradicionalismo político español y la ciencia hispana / _cMarcial Solana. |
| 260 |
_aMadrid : _bEdit. Tradicionalista, _c1951. |
||
| 300 |
_a682 p. ; _c21 cm. |
||
| 852 |
_aES-MaACL _jD-5248 _9R.31073 |
||
| 999 |
_c171497 _d171497 |
||